Central Library, Doon University
WEBOPAC (ONLINE PUBLIC ACCESS CATALOGUE)

Entrepreneurship and the Underprivileged (Record no. 61021)

MARC details
000 -LEADER
fixed length control field 00515nam a22001937a 4500
005 - DATE & TIME
control field 20260604154351.0
008 - FIXED-LENGTH DATA ELEMENTS--GENERAL INFORMATION
fixed length control field 260604b |||||||| |||| 00| 0 eng d
020 ## - ISBN
International Standard Book Number 9789383931064
Price 1995.00
040 ## - CATALOGING SOURCE
Original cataloging agency Doon University
041 ## - Language
Language English
082 ## - DDC NUMBER
Classification number 658.421
Book Number PAN
100 ## - MAIN ENTRY--PERSONAL NAME
Personal name Panda, Shiba C.
245 ## - TITLE STATEMENT
Title Entrepreneurship and the Underprivileged
260 ## - PUBLICATION, DISTRIBUTION, ETC. (IMPRINT)
Place of publication, distribution, etc New Delhi
Name of publisher, distributor, etc Academic
Date of publication, distribution, etc 2024
300 ## - PHYSICAL DESCRIPTION
Pages 405
650 ## - Subject
Subject Management (PM USHA)
700 ## - Added Entry Personal Name
Added Entry Personal Name Khuntia, Janmejoy
942 ## - ADDED ENTRY ELEMENTS (KOHA)
Koha item type Books
100 ## - MAIN ENTRY--PERSONAL NAME
-- 24746
650 ## - Subject
-- 27020
700 ## - Added Entry Personal Name
-- 24747
952 ## - LOCATION AND ITEM INFORMATION (KOHA)
-- 2026-06-04
952 ## - LOCATION AND ITEM INFORMATION (KOHA)
-- 2026-06-04
Holdings
Withdrawn status Lost status Source of classification or shelving scheme Damaged status Not for loan Location (home branch) Sublocation or collection (holding branch) Date acquired Koha issues (times borrowed) Koha full call number Accession No. Koha date last seen Koha item type
          Doon University Doon University 04.06.2026   658.421 PAN 34386 04.06.2026 Books
          Doon University Doon University 04.06.2026   658.421 PAN 34387 04.06.2026 Books
Contact : +91-135-2533126 (Library),+91-135-2533105 (Admin Office) , Email : doonlibrary@gmail.com

Powered by Koha